| 000 | 01112nam a2200241 i 4500 | ||
|---|---|---|---|
| 001 | 76372 | ||
| 003 | ES-MaACL | ||
| 005 | 20230906172824.0 | ||
| 007 | t| | ||
| 008 | 041001s1971 sp |||| | spa d | ||
| 110 | 2 |
_aReal Academia de Medicina y Cirugía del Distrito de Granada. _96331 |
|
| 245 | 1 | 0 |
_aSesión inaugural del curso académico celebrada el día 31 de enero de 1971 _b: memoria de Secretaría / _cpor... Don Juan A. Pulgar Ruiz ; discurso de recepción del académico... Don Diego Guevara Pozo ; discurso de contestación del académico... Don Emilio Muñoz Fernández. |
| 246 | 3 | 4 | _aSesión inaugural 31 de enero de 1971 |
| 260 |
_aGranada : _bReal Academia de Medicina, _c[1971] |
||
| 300 |
_a64 p. ; _c24 cm. |
||
| 594 | _aTít. del discurso de recepción: El cultivo "in vitro" de helmintos parásitos. | ||
| 594 | _aPrecede al tít.: Real Academia de Medicina del Distrito de Granada. | ||
| 650 | 4 |
_aHelmintos. _9167027 |
|
| 700 | 1 |
_aPulgar Ruiz, Juan A. _994369 |
|
| 700 | 1 |
_aGuevara Pozo, Diego. _960609 |
|
| 700 | 1 |
_aMuñoz Fernández, Emilio. _984414 |
|
| 852 |
_aES-MaACL _jC-47451 |
||
| 999 |
_c76372 _d76372 |
||